000 01218nam0a2200361 4500
001 RU\NLR\bibl\216491
005 20250619102737.0
010 _a5-7859-0212-5
_92000
021 _aRU
_b2001-32496
_91546
035 _a(NLR Aleph) 000212613
090 _a1234398
_c1234398
100 _a20011129d2001 |||y0rusy50 ca
101 0 _arus
102 _aRU
105 _aa |||||||||
200 1 _aМеста из переписки
_fАлександр Суконик
210 _aМ.
_cЯзыки славян. культуры
_d2001
215 _a196, [1] с., [8] л. ил.
_d24
600 1 _aСуконик
_bА.Ю.
_gАлександр Юльевич
_jАльбомы
_92230471
_3RU\NLR\auth\661338760
610 0 _aРусская литература
675 _a821.161.1-94Суконик
_v3
_zrus
686 _a17.82
_2rugasnti
686 _a84(2Рос=Рус)6
_2rubbk
686 _aЩ163(2Р=Рус)6-8Суконик
686 _aШ6(2=Р)6-4
700 1 _aСуконик
_gАлександр Юльевич
_4070
801 0 _aRU
_bRKP
_c20011129
_gPSBO
801 1 _aRU
_bRKP
_c20011129
801 2 _aRU
_bNLR
_c20020129
_grcr
942 _cBOOK
980 _aNB